000 00932nam a2200241Ia 4500
003 OSt
005 20220923220817.0
006 a|||||r|||| 00| 0
007 ta
008 220922b |||||||| |||| 00| 0 hin d
024 _a190,720
037 _cTextual
040 _aARTS
_cARTS
_bhin
041 _2hin
_ahin
082 _aR6.cQ:35, 152L3
100 _aलाड, अशोक कुमार
_9157821
245 0 _aभारतीय दर्शन में मोक्ष-चिन्तनःएक तुलनात्मक अध्ययन
246 _aBhāratīya darshan mean mokṣha-chintanahek tulanātmak adhyayana
260 _aभोपाल
_b मध्यप्रदेश हिन्दी ग्रंथ अकादमी
_c1973
300 _a300पृ.
_ccm.
942 _hR6.cQ:35, 152L3
_cTEXL
_2CC
999 _c343492
_d343492